USMC Trivia - Statistics

General Stats
  • This quiz has been taken 190 times
  • The average score is 6 of 15
Answer Stats
Question Answer % Correct
What is the motto of the Marine Corps? Semper Fidelis, Always Faithful
88%
What color were the first Marine Corps uniforms? Green
62%
What is a nickname for Marines? Devil Dogs, Leathernecks
61%
Where was the Marine Corps founded? Tun Tavern, Philadelphia
55%
What is the name of the Marine Coprs Emblem? Eagle, Globe, and Anchor
48%
When was the Marine Corps founded? November 10, 1775
38%
What is the Marine Corps Band known as? The President's Own
33%
Name one of the two Marines who have received two Congressional Medal of Honor awards. Dan Daly, Smedley Butler
32%
Who is the "Grand Old Man of the Corps?" Commandant Archibald Henderson
31%
What is the sword carried by USMC Officers? Mameluke Sword
26%
What is the mascot of the Marine Corps? English Bulldog
24%
Who is the current Commandant of the Marine Corps? General David H. Berger
23%
Who is the founder of the Marine Corps? Captain Samuel Nicholas
20%
Where was the first amphibious operation of the USMC? The Bahamas
17%
What is the name of the coiled rope on USMC Officer's hats? The Quatrefoil
11%
No matching quizzes found
Score Distribution
Percent of People with Each Score
Percentile by Number Answered
Your Score History
You have not taken this quiz